Roma del alma

Uloženo v:
Podrobná bibliografie
Hlavní autor: Errazuriz, Amalia (Autor)
Médium: Kniha
Jazyk:španělština
Vydáno: Roma Imprenta de la Unione editrice 1909
Vydání:1a. ed
Témata:
Tagy: Přidat tag
Žádné tagy, Buďte první, kdo vytvoří štítek k tomuto záznamu!

MARC

LEADER 00000nam a2200000 a 4500
001 UCJ3411
003 CL-VaPUC
008 070124e19090000IT |||||||||||||||||spa|d
082 0 4 |a Ch863  |b ERR  |2 21 
100 0 |a Errazuriz, Amalia  |e author  |9 505214 
245 1 0 |a Roma del alma 
250 |a 1a. ed 
300 |a 475 p 
942 |c BK 
945 |d 20070124 00:00:00  |a rinostro 
260 |a Roma  |b Imprenta de la Unione editrice  |c 1909 
500 |a Crónica de un viaje a Roma 
650 0 |a Viajes  |9 257115 
650 0 |a Arte  |9 265238 
650 7 |a TEMPLOS  |2 CL-VaPUC  |9 266644 
650 0 |a Arquitectura religiosa  |9 266677 
651 0 |a Roma   |9 255106 
583 |a last modification  |c 20070124 00:00:00  |k Rodrigo Vera 
999 |c 319533  |d 319531 
952 |0 0  |1 0  |4 0  |6 CH_863_000000000000000_ERR_1909  |7 0  |8 X  |9 397874  |a FDOBUD  |b FDOBUD  |d 2019-11-22  |i 1003348  |o Ch863 ERR 1909  |p 1003348  |r 2019-11-22  |w 2019-11-22  |y BK_X  |k BUD